[Event "Sachsen-ch U16"]
[Site "Sebnitz"]
[Date "2011.04.30"]
[Round "7"]
[White "Gerntke, Oliver"]
[Black "Moehn, Hans"]
[Result "0-1"]
[WhiteElo "1876"]
[BlackElo "2058"]
[PlyCount "64"]
[EventDate "2011.04.26"]
[EventType "swiss"]
[EventRounds "7"]
[EventCountry "GER"]
[SourceTitle "EXT 2012"]
[Source "ChessBase"]
[SourceDate "2011.11.24"]
[SourceVersion "1"]
[SourceVersionDate "2011.11.24"]
[SourceQuality "1"]

1. Nf3 Nf6 2. c4 g6 3. Nc3 Bg7 4. g3 0-0 5. Bg2 d6 6. 0-0 a6 7. d3 c5 8. Bd2 Nc6 9. a3 e5 10. e4 Ne8 11. Ne1 Rb8 12. Nc2 f5 13. f4 Nd4 14. Nxd4 cxd4 15. Nd5 b5 16. b3 Be6 17. Rb1 Qd7 18. Qe2 Kh8 19. Kh1 Nc7 20. Nxc7 Qxc7 21. Rfc1 bxc4 22. bxc4 Rbe8 23. Qd1 fxe4 24. Bxe4 Bf5 25. Bxf5 gxf5 26. Qa4 e4 27. Rb3 Qf7 28. dxe4 fxe4 29. Qxa6 Qh5 30. Qb6 Qe2 31. Be1 d3 32. Qf2 d2 0-1

[Event "GER-chT U16"]
[Site "Naumburg"]
[Date "2010.12.29"]
[Round "6.2"]
[White "Gerntke, Oliver"]
[Black "Fornoff, Robin"]
[Result "0-1"]
[WhiteElo "1857"]
[BlackElo "1663"]
[PlyCount "42"]
[EventDate "2010.12.27"]
[EventType "team-swiss"]
[EventRounds "7"]
[EventCountry "GER"]
[SourceTitle "CBM 140 Extra"]
[Source "ChessBase"]
[SourceDate "2011.03.01"]
[SourceVersion "1"]
[SourceVersionDate "2011.03.01"]
[SourceQuality "1"]
[WhiteTeam "Grossroehrsdorf"]
[BlackTeam "Gernsheim"]
[WhiteTeamCountry "GER"]
[BlackTeamCountry "GER"]

1. Nf3 Nf6 2. c4 c5 3. Nc3 Nc6 4. d4 cxd4 5. Nxd4 g6 6. g3 Bg7 7. Nxc6 bxc6 8. Bg2 0-0 9. 0-0 Rb8 10. e4 Ba6 11. Qa4 Qc8 12. Rb1 Ne8 13. Ne2 Nd6 14. Bf4 e5 15. Bc1 Nxc4 16. Re1 Nb6 17. Qd1 Rd8 18. Bh3 Qc7 19. Qc2 d5 20. exd5 Rxd5 21. f4 Bd3 0-1

[Event "GER-chT U16"]
[Site "Naumburg"]
[Date "2010.12.28"]
[Round "4.2"]
[White "Gerntke, Oliver"]
[Black "Wiesner, Paula"]
[Result "1-0"]
[WhiteElo "1857"]
[BlackElo "1710"]
[PlyCount "141"]
[EventDate "2010.12.27"]
[EventType "team-swiss"]
[EventRounds "7"]
[EventCountry "GER"]
[SourceTitle "CBM 140 Extra"]
[Source "ChessBase"]
[SourceDate "2011.03.01"]
[SourceVersion "1"]
[SourceVersionDate "2011.03.01"]
[SourceQuality "1"]
[WhiteTeam "Grossroehrsdorf"]
[BlackTeam "Karlsruhe"]
[WhiteTeamCountry "GER"]
[BlackTeamCountry "GER"]

1. d4 d5 2. c4 e6 3. Nc3 Nf6 4. cxd5 exd5 5. Bg5 Nbd7 6. e3 c6 7. Bd3 Be7 8. Qc2 0-0 9. Nf3 Re8 10. 0-0 Nf8 11. Rab1 a5 12. a3 Ne4 13. Bxe7 Qxe7 14. b4 axb4 15. axb4 Bg4 16. Bxe4 dxe4 17. Ne5 Bf5 18. Ne2 f6 19. Nc4 b5 20. Na5 Rac8 21. Rfc1 Bd7 22. Nf4 Ng6 23. Nxg6 hxg6 24. Qc5 Qxc5 25. Rxc5 Re6 26. Rbc1 Rd6 27. Nb7 Rd5 28. R5c3 f5 29. Nc5 Be8 30. Ne6 Kf7 31. Nf4 Rdd8 32. h4 Kf6 33. Rc5 Ra8 34. d5 cxd5 35. Nxd5+ Kf7 36. Nc7 Ra4 37. Nxe8 Rxe8 38. Rxb5 Kf6 39. Rc6+ Re6 40. Rc7 Re7 41. Rb6+ Re6 42. Rxe6+ Kxe6 43. Rxg7 Rxb4 44. Rxg6+ Kf7 45. Ra6 Rb2 46. h5 Kg7 47. h6+ Kh7 48. Rf6 Ra2 49. Rxf5 Kxh6 50. Re5 Ra4 51. Kh2 Kg6 52. Kg3 Kf6 53. Kf4 Ra2 54. Rxe4 Rxf2+ 55. Kg3 Ra2 56. Rf4+ Kg5 57. Kf3 Ra3 58. g4 Ra5 59. Rf8 Rb5 60. Rg8+ Kf6 61. Kf4 Rb1 62. g5+ Kf7 63. Ra8 Rf1+ 64. Ke4 Kg6 65. Ra5 Rg1 66. Kd4 Rxg5 67. Rxg5+ Kxg5 68. Ke5 Kg6 69. Ke6 Kg7 70. e4 Kf8 71. Kd7 1-0

[Event "GER-ch U12"]
[Site "Willingen"]
[Date "2007.05.26"]
[Round "1"]
[White "Gerntke, Oliver"]
[Black "Purgahn, Robin"]
[Result "1-0"]
[WhiteElo "1747"]
[BlackElo "1053"]
[PlyCount "61"]
[EventDate "2007.05.26"]
[EventType "swiss"]
[EventRounds "11"]
[EventCountry "GER"]
[SourceTitle "CBM 118 Extra"]
[Source "ChessBase"]
[SourceDate "2007.07.04"]
[SourceVersion "1"]
[SourceVersionDate "2007.07.04"]
[SourceQuality "1"]

1. d4 d5 2. c4 dxc4 3. e3 e5 4. Nf3 e4 5. Nfd2 Nf6 6. Nc3 Bf5 7. Bxc4 Bd6 8. 0-0 0-0 9. Qc2 Ng4 10. g3 Qf6 11. Ndxe4 Qh6 12. f3 Nf6 13. Nxf6+ Qxf6 14. Bd3 Bxd3 15. Qxd3 Qe6 16. Kg2 Nd7 17. e4 Qg6 18. Nd5 h5 19. Bf4 c6 20. Bxd6 cxd5 21. Bxf8 Rxf8 22. Rfe1 h4 23. Rad1 Nf6 24. e5 Qxd3 25. Rxd3 Nh5 26. f4 Re8 27. Kf3 h3 28. g4 Nxf4 29. Kxf4 f6 30. Rxh3 fxe5+ 31. Rxe5 1-0

[Event "Sachsen-ch U12"]
[Site "Sebnitz"]
[Date "2007.04.11"]
[Round "3"]
[White "Neef, Maximilian"]
[Black "Gerntke, Oliver"]
[Result "0-1"]
[WhiteElo "1307"]
[BlackElo "1521"]
[PlyCount "68"]
[EventDate "2007.04.10"]
[EventType "swiss"]
[EventRounds "7"]
[EventCountry "GER"]
[SourceTitle "EXT 2008"]
[Source "ChessBase"]
[SourceDate "2007.11.25"]
[SourceVersion "1"]
[SourceVersionDate "2007.11.25"]
[SourceQuality "1"]

1. d4 d5 2. c4 e6 3. Nc3 Nf6 4. Bg5 Nbd7 5. Nf3 c6 6. cxd5 exd5 7. e3 Be7 8. Bd3 0-0 9. 0-0 Re8 10. Rc1 Nf8 11. Qb3 Ne6 12. Bh4 h6 13. Rfd1 Nh7 14. Bxe7 Qxe7 15. Ne2 Nhg5 16. Nxg5 Nxg5 17. Ng3 Bg4 18. Re1 h5 19. Bf5 Bxf5 20. Nxf5 Qf6 21. Ng3 h4 22. Nh5 Qh6 23. Nf4 h3 24. Nxh3 Nxh3+ 25. gxh3 Qxh3 26. Qxb7 Rab8 27. Qxc6 Qf3 28. Qc2 Re4 29. b3 Rb6 30. Qd1 Qh3 31. Kh1 Rh6 32. Kg1 Rg4+ 33. Qxg4 Qxg4+ 34. Kf1 Rxh2 0-1

[Event "Leutersdorf Muench Braeu op 12th"]
[Site "Leutersdorf"]
[Date "2007.02.11"]
[Round "4"]
[White "Pohl, Holger"]
[Black "Gerntke, Oliver"]
[Result "0-1"]
[WhiteElo "1272"]
[BlackElo "1764"]
[PlyCount "120"]
[EventDate "2007.02.10"]
[EventType "swiss"]
[EventRounds "7"]
[EventCountry "GER"]
[SourceTitle "EXT 2008"]
[Source "ChessBase"]
[SourceDate "2007.11.25"]
[SourceVersion "1"]
[SourceVersionDate "2007.11.25"]
[SourceQuality "1"]

1. e4 e6 2. d4 d5 3. e5 c5 4. Nf3 Nc6 5. Be3 Qc7 6. c3 cxd4 7. cxd4 Bb4+ 8. Nc3 Na5 9. Bb5+ Bd7 10. Bxd7+ Qxd7 11. 0-0 Bxc3 12. bxc3 Rc8 13. Rc1 Ne7 14. Nd2 0-0 15. Nb3 Nec6 16. Nc5 Qe7 17. Qd2 b6 18. Na6 Nc4 19. Qe1 Qa3 20. Nb4 a5 21. Nxc6 Rxc6 22. Rc2 Rfc8 23. Bc1 Qe7 24. f4 b5 25. Rf3 Nb6 26. Bb2 b4 27. Rc1 Na4 28. Ba1 Qc7 29. h4 Nxc3 30. Bxc3 Rxc3 31. Rfxc3 bxc3 32. Rc2 Qc4 33. Qe3 a4 34. f5 Qb4 35. fxe6 fxe6 36. Kh2 a3 37. h5 Rc4 38. Qh3 Rc6 39. Qh4 Qb8 40. h6 g6 41. Qe7 Qf8 42. Qg5 Rc8 43. Qe3 Qb4 44. Qh3 Kf7 45. Qf3+ Ke7 46. Qf6+ Kd7 47. Qf3 Rc4 48. Qf7+ Qe7 49. Qf4 Kc8 50. Qe3 Qh4+ 51. Qh3 Qxh3+ 52. Kxh3 Rxd4 53. Rxc3+ Rc4 54. Rxa3 Re4 55. Ra8+ Kd7 56. Ra7+ Kc6 57. Ra6+ Kc5 58. Rxe6 d4 59. a4 d3 60. a5 d2 0-1

[Event "GER-chT U12"]
[Site "Verden an der Aller"]
[Date "2006.12.28"]
[Round "3.1"]
[White "Hager, Joshua Aarash"]
[Black "Gerntke, Oliver"]
[Result "1-0"]
[WhiteElo "1921"]
[BlackElo "1491"]
[PlyCount "73"]
[EventDate "2006.12.27"]
[EventType "team-swiss"]
[EventRounds "7"]
[EventCountry "GER"]
[SourceTitle "EXT 2008"]
[Source "ChessBase"]
[SourceDate "2007.11.25"]
[SourceVersion "1"]
[SourceVersionDate "2007.11.25"]
[SourceQuality "1"]
[WhiteTeam "Karlsruhe 1853 U12"]
[BlackTeam "Grossroehrsdorf U12"]
[WhiteTeamCountry "GER"]
[BlackTeamCountry "GER"]

1. d4 d5 2. c4 e6 3. Nc3 Nf6 4. Nf3 Nbd7 5. Bf4 c6 6. e3 Bb4 7. Qb3 Ba5 8. Nd2 Bc7 9. cxd5 exd5 10. Bg5 Nf8 11. Bd3 Ng6 12. Qc2 Qd6 13. Rc1 a6 14. Bxf6 gxf6 15. b4 Rg8 16. g3 h5 17. h4 Bg4 18. Bf5 Ne7 19. Bxg4 Rxg4 20. a3 0-0-0 21. Nb3 Rdg8 22. Kd2 b6 23. Qd3 Kb7 24. Rb1 Qe6 25. Na4 Qd6 26. Nbc5+ bxc5 27. bxc5+ Kc8 28. cxd6 Bxd6 29. Qxa6+ Kd7 30. Rb7+ Ke6 31. Nc5+ Bxc5 32. dxc5 d4 33. Qc4+ Nd5 34. exd4 R8g7 35. Re1+ Kf5 36. Qd3+ Re4 37. Qxe4# 1-0

[Event "GER-ch U12"]
[Site "Willingen"]
[Date "2006.06.09"]
[Round "11"]
[White "Mirke, Roy"]
[Black "Gerntke, Oliver"]
[Result "1/2-1/2"]
[WhiteElo "1557"]
[BlackElo "1352"]
[PlyCount "80"]
[EventDate "2006.06.03"]
[EventType "swiss"]
[EventRounds "11"]
[EventCountry "GER"]
[SourceTitle "EXT 2007"]
[Source "ChessBase"]
[SourceDate "2006.11.23"]
[SourceVersion "1"]
[SourceVersionDate "2006.11.23"]
[SourceQuality "1"]

1. d4 d5 2. Nf3 Nf6 3. e3 c5 4. c3 cxd4 5. exd4 a6 6. Bd3 Bg4 7. 0-0 e6 8. Bf4 Bd6 9. Bxd6 Qxd6 10. Nbd2 0-0 11. Re1 Nc6 12. Qc2 Rac8 13. Qb1 Bxf3 14. Nxf3 h6 15. Ne5 Nd7 16. Nxd7 Qxd7 17. Re3 b5 18. Qe1 Na5 19. Rg3 Nc4 20. Qc1 Kh8 21. Rh3 Kg8 22. Qc2 Rfd8 23. Re1 Qe7 24. Bxc4 Rxc4 25. Ree3 Qf6 26. Qd2 Rdc8 27. Reg3 Qxd4 28. Qc1 Kf8 29. Rd3 Qf4 30. Qxf4 Rxf4 31. Kf1 Rcc4 32. g3 Rf6 33. Rd4 Ke7 34. Ke2 Kd6 35. f4 Kc5 36. Kd3 Rxd4+ 37. cxd4+ Kb4 38. Rh5 Rf5 39. Rh4 Rf6 40. Rh5 a5 1/2-1/2

[Event "GER-ch U12"]
[Site "Willingen"]
[Date "2006.06.06"]
[Round "6"]
[White "Risius, Philipp"]
[Black "Gerntke, Oliver"]
[Result "1/2-1/2"]
[WhiteElo "1557"]
[BlackElo "1352"]
[PlyCount "93"]
[EventDate "2006.06.03"]
[EventType "swiss"]
[EventRounds "11"]
[EventCountry "GER"]
[SourceTitle "EXT 2007"]
[Source "ChessBase"]
[SourceDate "2006.11.23"]
[SourceVersion "1"]
[SourceVersionDate "2006.11.23"]
[SourceQuality "1"]

1. e4 e6 2. Nf3 c5 3. Nc3 Nc6 4. d4 cxd4 5. Nxd4 a6 6. a3 Qc7 7. Be3 d6 8. Be2 Nf6 9. 0-0 Be7 10. f4 0-0 11. Nf3 b5 12. b4 Nxb4 13. axb4 Qxc3 14. Bd4 Qc6 15. e5 Nd5 16. Qd2 Bb7 17. Bd3 Qc7 18. c3 Rac8 19. f5 exf5 20. Bxf5 Rcd8 21. exd6 Qxd6 22. Be5 Qc6 23. Bd4 Bf6 24. Bxf6 Qxf6 25. Bxh7+ Kh8 26. Nd4 Qb6 27. Be4 Nxc3 28. Bxb7 Rxd4 29. Qe3 Ne2+ 30. Kh1 Qxb7 31. Qxe2 Rxb4 32. h3 Re4 33. Qh5+ Kg8 34. Qf5 Re2 35. Qg4 Rfe8 36. Rg1 b4 37. Qc4 R8e3 38. Qh4 Qb6 39. Rad1 b3 40. Rd8+ Re8 41. Rdd1 a5 42. Qc4 Qe6 43. Qa4 Ra2 44. Qb5 Rc8 45. Rde1 Qc4 46. Re8+ Rxe8 47. Qxc4 1/2-1/2

[Event "Sachsen-ch U12"]
[Site "Sebnitz"]
[Date "2006.04.18"]
[Round "1"]
[White "Langos, Christoph"]
[Black "Gerntke, Oliver"]
[Result "0-1"]
[WhiteElo "1093"]
[BlackElo "1292"]
[PlyCount "80"]
[EventDate "2006.04.18"]
[EventType "swiss"]
[EventRounds "7"]
[EventCountry "GER"]
[SourceTitle "EXT 2007"]
[Source "ChessBase"]
[SourceDate "2006.11.23"]
[SourceVersion "1"]
[SourceVersionDate "2006.11.23"]
[SourceQuality "1"]

1. e4 c5 2. d4 cxd4 3. c3 dxc3 4. Nxc3 Nc6 5. Bc4 e6 6. Nf3 Bb4 7. a3 Bxc3+ 8. bxc3 Nge7 9. Qd6 Ng6 10. Bg5 f6 11. Be3 Qe7 12. Bc5 b6 13. Qxe7+ Ncxe7 14. Bd6 Bb7 15. Bd3 Rc8 16. Rc1 Kf7 17. 0-0 Rc6 18. Bxe7 Kxe7 19. Rfd1 Rhc8 20. Bb5 R6c7 21. Rd2 a6 22. Ba4 b5 23. Bb3 Rxc3 24. Rcd1 Nf8 25. Ba2 Rc1 26. h3 Rxd1+ 27. Rxd1 Bxe4 28. Re1 Bxf3 29. gxf3 Rc3 30. Kg2 Rxa3 31. Bb1 Ng6 32. Bxg6 hxg6 33. Kg3 b4 34. Re4 b3 35. Rb4 a5 36. Rb5 a4 37. Kf4 Ra2 38. Rb4 b2 39. Ke3 a3 40. Kd2 b1Q+ 0-1

[Event "GER-ch U10"]
[Site "Willingen"]
[Date "2005.05.16"]
[Round "4"]
[White "Gerntke, Oliver"]
[Black "Gruenwald, Sven"]
[Result "1-0"]
[WhiteElo "1085"]
[BlackElo "1323"]
[PlyCount "103"]
[EventDate "2005.05.14"]
[EventType "swiss"]
[EventRounds "11"]
[EventCountry "GER"]
[SourceTitle "CBM 106 Extra"]
[Source "ChessBase"]
[SourceDate "2005.07.01"]
[SourceVersion "1"]
[SourceVersionDate "2005.07.01"]
[SourceQuality "1"]

1. d4 d5 2. c4 e6 3. Nc3 Nf6 4. Bg5 Nbd7 5. cxd5 exd5 6. e3 c6 7. Qc2 Qa5 8. Bd3 Bb4 9. a3 0-0 10. Nge2 h6 11. Bh4 Bd6 12. Bg3 Bxg3 13. Nxg3 Re8 14. 0-0 Nf8 15. h3 Qc7 16. Bf5 Bxf5 17. Qxf5 Ng6 18. Rfb1 Re7 19. b4 a6 20. a4 Rd8 21. b5 cxb5 22. Nce2 bxa4 23. Rxa4 Ne4 24. Nxe4 dxe4 25. Ng3 Nf8 26. Nxe4 Nd7 27. Ng3 Nf6 28. Qa5 Nd5 29. Qxc7 Rxc7 30. Ra3 Rdc8 31. Rab3 b5 32. Ra1 Rc6 33. Nf5 Kf8 34. e4 Nf4 35. d5 Rc2 36. Rxa6 Ne2+ 37. Kh2 Nf4 38. Rb1 g6 39. Nd6 R8c3 40. Rf1 Rb2 41. Ra7 Nd3 42. Rxf7+ Kg8 43. Ra1 Rc8 44. Raa7 Rd8 45. Rg7+ Kh8 46. Rxg6 Rf8 47. Rxh6+ Kg8 48. Rah7 Rfxf2 49. Rh8+ Kg7 50. Nf5+ Kf7 51. R8h7+ Kg8 52. Rg7+ 1-0